Veliké majstrovstvo, to jest, Prvá domáca výchova dietok

Bibliographic Details
Main Author: Szuszai, Antal, 1864-1917 (Author)
Other Authors: Branický, Michal, 1877-1937 (Translator)
Format: Book
Language:Slovak
Hungarian
PhysicalDescription:194 s. 8°
Published: Budapešť Kól. Rózsu 1914

MARC

LEADER 00000cam a2200000 a 4500
001 vtls001327245
003 SK-MaSNL
005 20260301160130.0
008 180810s1914 hu 00000 slo
035 |a SNK000280040 
040 |a SNK  |b slo  |c SNK  |e AACR2 
041 1 |a slo  |h hun 
044 |a hu  |c HU 
100 1 |a Szuszai, Antal,  |d 1864-1917  |4 aut  |9 237428 
245 1 0 |a Veliké majstrovstvo, to jest, Prvá domáca výchova dietok  |c Antal Szuszai ; poslovenčil Michal Branický 
246 3 |a Prvá domáca výchova dietok 
260 |a Budapešť  |b Kól. Rózsu  |c 1914 
300 |a 194 s.  |c 8° 
500 |a Preložené z maďarčiny 
700 1 |a Branický, Michal,  |d 1877-1937  |4 trl  |9 199545 
852 |a Slovenská národná knižnica 
958 |a ONDV 
999 |c 804147  |d 806077 
952 |t P60, <04>, [BOOK], {604}  |a SNK  |b SNK  |y VYP  |7 0  |p 17A0132651  |o snkSD 3035 D1  |0 0  |1 0  |4 0  |d 1998-04-07  |l 0  |r 2005-01-02 00:00:00  |w 2026-02-24